000 00680nam a2200193Ia 4500
005 20250508153401.0
008 008 250505s9999 xx 000 0 eng d
037 _aTextual
040 _aFEDL
_beng
_cFEDL
041 _aeng
_2eng
084 _a371.73, UNI
_qFEDL
100 _aSchneider Elsa
_9761065
245 0 _aPhysical education in Urban elementary schools: A study of the status of physical education for children of elementary school age in city school systems
260 _aWashington, USA
_bU.S. Government Printing Office
_c1959
300 _ax,91p.
546 _aBulletin 1959, No. 15
942 _cTEXL
_h371.73, UNI
999 _c1342465
_d1342465